| 000 | 00967nam a22002537a 4500 | ||
|---|---|---|---|
| 005 | 20170124103040.0 | ||
| 010 | _aA-270811 | ||
| 020 | _c25.00 | ||
| 035 | _aA-270811 | ||
| 037 | _bCen Lib/Ret | ||
| 040 |
_aDPL _bHN |
||
| 082 |
_aउ _bमधुक |
||
| 100 |
_aमधुकर सिंह _967029 |
||
| 245 |
_aनपुंसक / _cमधुकर सिंह |
||
| 246 |
_aNapunsak / _bby Madhukar Singh |
||
| 260 |
_bवाणी प्रकाशन _aनई दिल्ली _c1986 |
||
| 270 |
_bनई दिल्ली _a४६९८/५, २१ए- दरयागंज _e110002 |
||
| 300 |
_a115पृ. _c16सेमी(सजिल्द ) |
||
| 650 |
_a हिंदी साहित्य _x _z _967030 |
||
| 650 |
_a हिंदी साहित्य _xउपन्यास _942619 |
||
| 650 |
_aHindi literature _967031 |
||
| 650 |
_aHindi literature _xFiction _967032 |
||
| 942 |
_2ddc _cHN _hउ _mमधुक |
||
| 999 |
_c116535 _d116535 |
||